|
|
|
|
| LEADER |
00000nam a2200000 i 4500 |
| 001 |
1/52670 |
| 008 |
140805s2012 eng d |
| 020 |
|
|
|a 978-0-470-76882-2
|
| 035 |
|
|
|l 10118539
|
| 040 |
|
|
|a GR-MY-UA
|b gre
|e aacr
|
| 041 |
0 |
|
|a eng
|
| 082 |
0 |
|
|a 628.3
|2 (23)
|
| 245 |
1 |
0 |
|a Biological sludge minimization and biomaterials/bioenergy recovery technologies /
|c edited by Etienne Paul and Yu Liu
|
| 260 |
|
|
|a Hoboken, N.J. :
|b Wiley,
|c c2012
|
| 300 |
|
|
|a xxii, 513 σ.;
|c 25 εκ.
|
| 504 |
|
|
|a Περιλαμβάνει βιβλιογραφικές αναφορές και ευρετήριο
|
| 650 |
0 |
0 |
|a Water
|x Purification.
|
| 650 |
0 |
0 |
|a Biochemical engineering.
|
| 650 |
0 |
0 |
|a Water treatment plants.
|
| 650 |
0 |
0 |
|a Waste products as fuel.
|
| 700 |
1 |
|
|a Etienne, Paul
|d 1964-
|4 edt
|
| 700 |
1 |
|
|a Liu, Yu
|d 1964-
|4 edt
|
| 852 |
|
|
|a INST
|b LESVOS
|e 20140805
|h 628.3 BIO
|p 005100054431
|q 005100054431
|t BK
|y 0
|
| 901 |
|
|
|a BIBL1-2014-2
|
| 909 |
|
|
|a Λ
|b 189386
|
| 922 |
|
|
|a 1ΕΛΗ
|b 201406
|c ΤΠ
|d ΔΙΑΔΡΟΜΕΣ
|
| 970 |
|
|
|a ΤΖΑΦΕΡΗ
|b ΕΥΑΓΓΕΛΙΑ
|z 2014/08/04
|